The last Mimzy / New Line Cinema ; Eyetronics USA ... Read More
Available copies
- 1 of 1 copy available at LARL/NWRL Consortium.
Current holds
0 current holds with 1 total copy.
Show Only Available Copies
| Location | Call Number / Copy Notes | Barcode | Shelving Location | Status | Due Date |
|---|---|---|---|---|---|
| Roseau Public Library | DVD j LAS (Text) | 35500004202998 | Main | Available | - |
Record details
- ISBN: 0780657365
- ISBN: 9780780657366
- Physical Description: 1 videodisc (97 min.) : sd., col. ; 4 3/4 in.
- Edition: [Widescreen ed.].
- Publisher: Burbank, Calif. : New Line Home Entertainment : 2007.
Content descriptions
| General Note: | Title from container. Based on the short story "Mimsy were the borogoves" by Lewis Padgett. Special features: All access pass features: "The last Mimzy: adapting the story;" "Bob Shaye: ... Read More |
| Creation/Production Credits Note: | Director of photography, J. Michael Muro ; editor, ... Read More |
| Participant or Performer Note: | Chris O'Neil, Rhiannon Leigh Wryn, Joely ... Read More |
| Summary, etc.: | When Emma and Noah find a mysterious box of toys ... Read More |
| Target Audience Note: | MPAA rating: PG; for thematic elements, mild ... Read More |
| System Details Note: | DVD, region 1, widescreen (2.35:1) presentation; ... Read More |
| Language Note: | Closed-captioned. |
Search for related items by subject
| Subject: | Toys > Drama. Brothers and sisters > Drama. Great powers > Drama. Teleportation > Drama. Time travel > Drama. |
| Genre: | Feature films. Science fiction films. Fantasy films. Video recordings for the hearing impaired. |
Search for related items by series
| LDR | 04263cgm a2200781Ka 4500 | ||
|---|---|---|---|
| 001 | 82197 | ||
| 003 | LARL_NWRL_CONSORTIUM | ||
| 005 | 20190613151107.0 | ||
| 007 | vd cvaizk | ||
| 008 | 070501s2007 cau097 g vleng d | ||
| 020 | . | ‡a0780657365 | |
| 020 | . | ‡a9780780657366 | |
| 024 | 1 | . | ‡a794043109164 |
| 024 | 1 | . | ‡a794043109171 |
| 028 | 4 | 2. | ‡aN10916 ‡bNew Line Home Entertainment |
| 035 | . | ‡a(OCoLC)123907706 | |
| 082 | 0 | 4. | ‡a791.43/72 ‡222 |
| 245 | 0 | 4. | ‡aThe last Mimzy / ‡cNew Line Cinema ; Eyetronics USA ; Michael Phillips Productions ; produced by Michael Phillips ; screen story by James V. Hart & Carol Skilken ; screenplay by Bruce Joel Rubin and Toby Emmerich ; directed by Bob Shaye. |
| 250 | . | ‡a[Widescreen ed.]. | |
| 260 | . | ‡aBurbank, Calif. : ‡bNew Line Home Entertainment : ‡bDistributed by Warner Home Video, ‡c2007. | |
| 300 | . | ‡a1 videodisc (97 min.) : ‡bsd., col. ; ‡c4 3/4 in. | |
| 490 | 0 | . | ‡aInfinifilm |
| 538 | . | ‡aDVD, region 1, widescreen (2.35:1) presentation; Dolby Digital 5.1 surround, Dolby Digital 2.0 stereo., surround. | |
| 546 | . | ‡aClosed-captioned. | |
| 500 | . | ‡aTitle from container. | |
| 511 | 1 | . | ‡aChris O'Neil, Rhiannon Leigh Wryn, Joely Richardson, Timothy Hutton, Rainn Wilson, Kathryn Hahn, Michael Clarke Duncan, Kirsten Williamson. |
| 508 | . | ‡aDirector of photography, J. Michael Muro ; editor, Alan Heim ; music, Howard Shore ; production designer, Barry Chusid ; special effects supervisor, Alex Burdett ; visual effects supervisor, Eric Durst. | |
| 500 | . | ‡aBased on the short story "Mimsy were the borogoves" by Lewis Padgett. | |
| 521 | 8 | . | ‡aMPAA rating: PG; for thematic elements, mild peril, and language. |
| 520 | . | ‡aWhen Emma and Noah find a mysterious box of toys on the beach, strange things start happening. The kids develop special powers and with their parents and teachers, they realize that their mission is far more important than they had ever dreamed. | |
| 500 | . | ‡aSpecial features: All access pass features: "The last Mimzy: adapting the story;" "Bob Shaye: director profile;" "Casting the kids;" "Concept art montage;" "Real is good: the visual effects;" "Editing & music;" deleted scenes with introduction by director Bob Shaye; audio commentary by director Bob Shaye (feture & deleted scenes) "Hello (I love you) music video by Roger Waters; Mimzy theatrical trailer; sneak peeks; Beyond the movie: "The Mandala: an imaginary palace;" "The looking glass: Emma and Alice;" "Sound waves: listening to the universe;" "DNA: the human blueprint;" "Nanotechnology: the human revolution;" "Wormholes: fantasy or science." | |
| 650 | 0. | ‡aToys ‡vDrama. | |
| 650 | 0. | ‡aBrothers and sisters ‡vDrama. ‡0(LARL_NWRL_CONSORTIUM)163774 | |
| 650 | 0. | ‡aGreat powers ‡vDrama. | |
| 650 | 0. | ‡aTeleportation ‡vDrama. | |
| 650 | 0. | ‡aTime travel ‡vDrama. | |
| 655 | 0. | ‡aFeature films. ‡0(LARL_NWRL_CONSORTIUM)175625 | |
| 655 | 0. | ‡aScience fiction films. ‡0(LARL_NWRL_CONSORTIUM)175747 | |
| 655 | 0. | ‡aFantasy films. ‡0(LARL_NWRL_CONSORTIUM)175666 | |
| 655 | 0. | ‡aVideo recordings for the hearing impaired. ‡0(LARL_NWRL_CONSORTIUM)175744 | |
| 700 | 1 | . | ‡aPhillips, Michael, ‡d1943- ‡0(LARL_NWRL_CONSORTIUM)138545 |
| 700 | 1 | . | ‡aHart, James V. ‡0(LARL_NWRL_CONSORTIUM)108608 |
| 700 | 1 | . | ‡aSkilken, Carol. |
| 700 | 1 | . | ‡aRubin, Bruce Joel. ‡0(LARL_NWRL_CONSORTIUM)102782 |
| 700 | 1 | . | ‡aEmmerich, Toby. ‡0(LARL_NWRL_CONSORTIUM)189499 |
| 700 | 1 | . | ‡aShaye, Robert. ‡0(LARL_NWRL_CONSORTIUM)204948 |
| 700 | 1 | . | ‡aO'Neil, Chris. |
| 700 | 1 | . | ‡aWryn, Rhiannon Leigh. ‡0(LARL_NWRL_CONSORTIUM)212806 |
| 700 | 1 | . | ‡aRichardson, Joely. ‡0(LARL_NWRL_CONSORTIUM)137024 |
| 700 | 1 | . | ‡aHutton, Timothy, ‡d1960- ‡0(LARL_NWRL_CONSORTIUM)142703 |
| 700 | 1 | . | ‡aWilson, Rainn, ‡d1968- ‡0(LARL_NWRL_CONSORTIUM)210774 |
| 700 | 1 | . | ‡aHahn, Kathryn, ‡d1974- ‡0(LARL_NWRL_CONSORTIUM)208176 |
| 700 | 1 | . | ‡aDuncan, Michael Clarke. ‡0(LARL_NWRL_CONSORTIUM)146666 |
| 700 | 1 | . | ‡aWilliamson, Kirsten. |
| 700 | 1 | . | ‡aShore, Howard. ‡0(LARL_NWRL_CONSORTIUM)106471 |
| 700 | 1 | . | ‡aPadgett, Lewis. ‡tMimsy were the borogoves. |
| 901 | . | ‡a82197 ‡bOCLC ‡c82197 ‡tbiblio | |

Add to basket
Permalink
Disable Highlighting